Xây dựng chiến lược phát triển cho các ngành kinh tế trong điều kiện Việt Nam hiện nay /

Đã lưu trong:
Sonraí Bibleagrafaíochta
Príomhúdar: Trần Đăng Khoa
Formáid: Bài viết
Teanga:Vietnamese
Ábhair:
Clibeanna: Cuir Clib Leis
Gan Chlibeanna, Bí ar an gcéad duine leis an taifead seo a chlibeáil!
Thư viện lưu trữ: Thư viện Trường Đại học Đà Lạt
LEADER 00808nam a2200277 4500
001 DLU060050340
040 # # |a DLU  |b vie 
041 # # |a vie 
044 # # |a vn 
100 # # |a Trần Đăng Khoa 
245 # # |a Xây dựng chiến lược phát triển cho các ngành kinh tế trong điều kiện Việt Nam hiện nay /  |c Trần Đăng Khoa 
653 # # |a Kinh tế 
653 # # |a Phát triển kinh tế 
653 # # |a Việt Nam 
773 # # |t Phát triển kinh tế  |g Số 162, 20034 tr.15-17 
920 # # |a Phòng Tạp chí -- Trung tâm Thông tin - Thư viện Trường Đại học Đà Lạt 
933 # # |a KT 
994 # # |a DLU 
900 # # |a True 
911 # # |a Nguyễn Thị Yên 
925 # # |a G 
926 # # |a A 
927 # # |a BB 
980 # # |a Thư viện Trường Đại học Đà Lạt